00422nam a2200157Ia 4500001000500000005001700005008004100022041000800063082001500071100003200086245009300118260000900211300002800220650000800248654000800256177820260306143753.0260306t2010||||xx |||||||||||||| ||spa|| aESP a155.4bG24 aGarcía Rubio, SusanaeAUT 0aEscuelas para padres 50 años después:bun lugar de encuentro para crecer como padres c2010 a370 páginas :c22 cm. aGEN aCPS